Les Pokémon de couleur Blanche - Statistiques

Statistiques générales
  • Ce quiz a été pris 5 fois
  • Le résultat moyen est 57 sur 116
Statistiques - réponses
Nom % Correct
0359 Absol
100%
0602 Anchwatt
100%
0493 Arceus
100%
0266 Armulys
100%
0975 Balbalèze
100%
1002 Baojian
100%
0873 Beldeneige
100%
0460 Blizzaroi
100%
0896 Blizzeval
100%
0459 Blizzi
100%
1006 Garde-de-Fer
100%
0037 Goupix d’Alola
100%
0798 Katagami
100%
0359 Méga-Absol
100%
0460 Méga-Blizzaroi
100%
0666 Prismillon Motif Blizzard
100%
0815 Pyrobut
100%
0486 Regigigas
100%
0643 Reshiram
100%
0795 Cancrelove
50%
0869 Charmilly Lait Salé
50%
0869 Charmilly Lait Vanille
50%
0924 Compagnol
50%
0864 Corayôme
50%
0222 Corayon de Galar
50%
0676 Couafarel
50%
0868 Crèmy
50%
0685 Cupcanaille
50%
0555 Darumacho de Galar
50%
0554 Darumarond de Galar
50%
0483 Dialga Forme Normale
50%
0884 Duralugon
50%
0925 Famignol
50%
0669 Flabébé
50%
0813 Flambino
50%
0670 Floette
50%
0671 Florges
50%
0872 Frissonille
50%
0607 Funécire
50%
0475 Gallame
50%
0078 Galopa de Galar
50%
0282 Gardevoir
50%
0278 Goélise
50%
0765 Gouroutan
50%
0281 Kirlia
50%
0087 Lamantine
50%
0264 Linéon
50%
0264 Linéon de Galar
50%
0249 Lugia
50%
0652 Méga-Blindépique
50%
0670 Méga-Floette Fleur Éternelle
50%
0475 Méga-Gallame
50%
0282 Méga-Gardevoir
50%
0678 Méga-Mistigrix
50%
0478 Méga-Momartik
50%
0648 Meloetta
50%
0678 Mistigrix Femelle
50%
0994 Mite-de-Fer
50%
0122 M. Mime de Galar
50%
0478 Momartik
50%
0832 Moumouflon
50%
0831 Moumouton
50%
0086 Otaria
50%
0417 Pachirisu
50%
0865 Palarticho
50%
0675 Pandarbare
50%
0674 Pandespiègle
50%
0012 Papilusion
50%
0806 Pierroteknik
50%
0974 Piétacé
50%
0614 Polagriffe
50%
0613 Polarhume
50%
1018 Pondralugon
50%
0636 Pyronille
50%
0235 Queulorior
50%
0988 Rampe-Ailes
50%
0027 Sabelette d’Alola
50%
0791 Solgaleo
50%
0582 Sorbébé
50%
0584 Sorbouboul
50%
0583 Sorboul
50%
0684 Sucroquin
50%
0898 Sylveroy Cavalier du Froid
50%
0931 Tapatoès Plumage Blanc
50%
0280 Tarsal
50%
0917 Tissenboule
50%
0468 Togekiss
50%
0175 Togepi
50%
0176 Togetic
50%
0972 Tomberro
50%
0971 Toutombe
50%
0288 Vigoroth
50%
0179 Wattouat
50%
0793 Zéroïd
50%
0263 Zigzaton de Galar
50%
0740 Crabominable
0%
0372 Drackhaus
0%
0780 Draïeul
0%
0587 Emolga
0%
0986 Fongus-Furie
0%
0627 Furaiglon
0%
0591 Gaulet
0%
0628 Gueriaigle de Hisui
0%
0581 Lakmécygne
0%
0962 Lestombaile
0%
0335 Mangriff
0%
0740 Méga-Crabominable
0%
0531 Méga-Nanméouïe
0%
0351 Morphéo Forme Blizzard
0%
0593 Moyade
0%
0077 Ponyta de Galar
0%
0637 Pyrax
0%
0766 Quartermac
0%
0960 Taupikeau
0%
0590 Trompignon
0%
0592 Viskuse
0%
Aucun quiz correspondant
Distribution des résultats
% des personnes avec chaque résultat
Percentile par nombre de réponses
Votre historique - résultats
Vous n’avez pas pris ce quiz